000 00308nam a22001337a 4500
008 170220b xxu||||| |||| 00| 0 eng d
020 _a320763100555.
041 _aeng
080 _a615
100 _a5
101 _aSHF
245 _aDRUGS AND CRIME IN LIFESTYLE PRESPECTIVE
_cG.D.WALTERS
942 _2udc
_cBK
999 _c5830
_d5830